The virtual physiology lab CD-ROM
Guardado en:
| Formato: | Electrónico |
|---|---|
| Idioma: | Undetermined |
| Publicado: |
[Burr Ridge, IL] :
WCB/McGraw-Hill : Cypris,
1998.
|
| Etiquetas: |
Agregar Etiqueta
Sin Etiquetas, Sea el primero en etiquetar este registro!
|
| LEADER | 00618nmm a22001575a 4500 | ||
|---|---|---|---|
| 001 | EEA.libagro009669 | ||
| 005 | 20161117121450.0 | ||
| 008 | 140509s1998####xx#########m########und#d | ||
| 020 | |a 0697362868 | ||
| 082 | 0 | 4 | |a 591.1 |
| 245 | 1 | 0 | |a The virtual physiology lab CD-ROM |h [recurso electrónico]. |
| 260 | |a [Burr Ridge, IL] : |b WCB/McGraw-Hill : |b Cypris, |c 1998. | ||
| 300 | |a 1 CD-ROM ; |c 12 cm. | ||
| 500 | |a Contiene un programa de simulaciones de los 10 experimentos con animales más comunes e importantes. | ||
| 538 | |a Características del sistema: Macintosh y Windows | ||
| 859 | |a AR-BbBCA |b BIB. AGRONOMIA |h 591.1 |i V821 cd |p 2008/5405 | ||
